[Event "GER-chT Betriebe 15th"]
[Site "Munich"]
[Date "2015.10.24"]
[Round "5.2"]
[White "Rohne, Lars"]
[Black "Neander, Swen"]
[Result "1-0"]
[WhiteElo "2145"]
[BlackElo "2001"]
[PlyCount "53"]
[EventDate "2015.10.22"]
[EventType "team-swiss"]
[EventRounds "7"]
[EventCountry "GER"]
[SourceTitle "EXT 2020"]
[Source "ChessBase"]
[SourceDate "2019.10.17"]
[SourceVersion "1"]
[SourceVersionDate "2019.10.17"]
[SourceQuality "1"]
[WhiteTeam "Leipzig Publishing Services"]
[BlackTeam "Hamburg Rapid Unilever"]
[WhiteTeamCountry "GER"]
[BlackTeamCountry "GER"]

1. e4 e6 2. d4 d5 3. Nc3 Bb4 4. exd5 exd5 5. Bd3 Nc6 6. a3 Ba5 7. Nge2 Nge7 8. 0-0 0-0 9. Nb1 Bf5 10. c3 Qd7 11. Ng3 Bg6 12. Bxg6 Nxg6 13. f4 f5 14. Nd2 Nce7 15. Nf3 Rad8 16. Ne5 Qc8 17. Nh1 c5 18. b4 cxb4 19. axb4 Bb6 20. Rf3 Nxe5 21. fxe5 Qc7 22. Nf2 a5 23. bxa5 Bxa5 24. Ba3 b6 25. Qb3 Rfe8 26. Re1 Kh8 27. Nh3 1-0

[Event "GER-chT Betriebe 14th"]
[Site "Dresden"]
[Date "2014.11.21"]
[Round "3.3"]
[White "Neander, Swen"]
[Black "Gruzmann, Boris"]
[Result "0-1"]
[WhiteElo "1980"]
[BlackElo "2246"]
[PlyCount "50"]
[EventDate "2014.11.20"]
[EventType "team-swiss"]
[EventRounds "7"]
[EventCountry "GER"]
[SourceTitle "EXT 2020"]
[Source "ChessBase"]
[SourceDate "2019.10.17"]
[SourceVersion "1"]
[SourceVersionDate "2019.10.17"]
[SourceQuality "1"]
[WhiteTeam "Hamburg Rapid Unilever"]
[BlackTeam "Berlin President"]
[WhiteTeamCountry "GER"]
[BlackTeamCountry "GER"]

1. d4 Nf6 2. Nf3 g6 3. Bf4 Bg7 4. e3 0-0 5. Be2 d6 6. h3 Nfd7 7. c4 e5 8. Bh2 Nc6 9. Nc3 f5 10. dxe5 dxe5 11. Qd5+ Kh8 12. a3 Qe7 13. Qd2 Nb6 14. Qc2 Be6 15. Nd2 a5 16. Nb5 a4 17. 0-0 Rfd8 18. b4 axb3 19. Nxb3 Rd7 20. Rfd1 Rad8 21. Rxd7 Rxd7 22. Ra2 Na4 23. Na5 Nxa5 24. Qxa4 Nxc4 25. Qa8+ Rd8 0-1